Champions de serie a - Statistiques

Statistiques générales
  • Ce quiz a été pris 130 fois
  • Le résultat moyen est 9 sur 16
Statistiques - réponses
Titre Club % Correct
19 Ac Milan
100%
19 Inter Milan
98%
38 Juventus
97%
3 Naples
91%
2 Lazio Rome
86%
3 As Rome
80%
2 Fiorentina
67%
7 Torino
56%
9 Genoa
52%
7 Bologne
45%
1 Sampdoria
45%
1 Cagliari
36%
1 Hellas Verone
33%
1 Casale
5%
1 Novese
3%
7 Vercelli
3%
Aucun quiz correspondant
Distribution des résultats
% des personnes avec chaque résultat
Percentile par nombre de réponses
Votre historique - résultats
Vous n’avez pas pris ce quiz